000
00292nam a2200109Ia 4500
008
230907s9999||||xx |||||||||||||| ||und||
082
_a
355.03301823
_b
INT
245
0
_a
International security in the Asia-Pacific :
260
_a
Palgrave,
_b
Singapore :
_c
2018
300
_a
429 p.
942
_c
BK
999
_c
599415
_d
599415